书目信息 |
| 题名: |
大学启思录 : 与大学生朋友谈就业
|
|
| 作者: | 安身健 编著 | |
| 分册: | ||
| 出版信息: | 开封 河南大学出版社 2008.10 |
|
| 页数: | 450页 | |
| 开本: | 20cm | |
| 丛书名: | ||
| 单 册: | ||
| 中图分类: | G647.38 | |
| 科图分类: | ||
| 主题词: | 教育--各级 | |
| 电子资源: | ||
| ISBN: | 7-81091-449-9 | |
| 000 | 00615nam0 2200193 450 | |
| 001 | 1455033597 | |
| 005 | 20141231151828.76 | |
| 010 | @a7-81091-449-9@dCNY38.00 | |
| 100 | @a20141231d2008 km y0chiy0120 ea | |
| 101 | 0 | @achi |
| 102 | @aCN | |
| 200 | 1 | @a大学启思录 : 与大学生朋友谈就业@Ada xue qi si lu:yu da xue sheng peng you tan jiu ye@f安身健编著@Fan shen jian bian zhu |
| 210 | @a开封@c河南大学出版社@d2008.10 | |
| 215 | @a450页@d20cm | |
| 606 | 0 | @a教育@x各级 |
| 690 | @aG647.38@v4 | |
| 701 | 0 | @a安身健@Aan shen jian@4编著 |
| 801 | 0 | @aCN@b大连网信软件有限公司图书馆·11@c20141231 |
| 905 | @aZUCC@dG647.38@eA686 | |
| 大学启思录 : 与大学生朋友谈就业/安身健编著.-开封:河南大学出版社,2008.10 |
| 450页;20cm |
| ISBN 7-81091-449-9:CNY38.00 |
| ● |
| 相关链接 |
|
|
|
正题名:大学启思录 : 与大学生朋友谈就业
索取号:G647.38/A686
 
预约/预借
| 序号 | 登录号 | 条形码 | 馆藏地/架位号 | 状态 | 备注 |
| 1 | 495223 | 204952239 | 社科库409/409社科库 13排2列3层/ [索取号:G647.38/A686] | 在馆 |